<?xml version="1.0" encoding="UTF-8"?><?xml-stylesheet type="text/xsl" href="static/style.xsl"?><OAI-PMH xmlns="http://www.openarchives.org/OAI/2.0/" xmlns:xsi="http://www.w3.org/2001/XMLSchema-instance" xsi:schemaLocation="http://www.openarchives.org/OAI/2.0/ http://www.openarchives.org/OAI/2.0/OAI-PMH.xsd"><responseDate>2026-04-27T12:56:49Z</responseDate><request verb="GetRecord" identifier="oai:uvadoc.uva.es:10324/7045" metadataPrefix="marc">https://uvadoc.uva.es/oai/request</request><GetRecord><record><header><identifier>oai:uvadoc.uva.es:10324/7045</identifier><datestamp>2025-02-18T12:45:28Z</datestamp><setSpec>com_10324_38</setSpec><setSpec>col_10324_852</setSpec></header><metadata><record xmlns="http://www.loc.gov/MARC21/slim" xmlns:doc="http://www.lyncode.com/xoai" xmlns:xsi="http://www.w3.org/2001/XMLSchema-instance" xmlns:dcterms="http://purl.org/dc/terms/" xsi:schemaLocation="http://www.loc.gov/MARC21/slim http://www.loc.gov/standards/marcxml/schema/MARC21slim.xsd">
<leader>00925njm 22002777a 4500</leader>
<datafield tag="042" ind1=" " ind2=" ">
<subfield code="a">dc</subfield>
</datafield>
<datafield tag="720" ind1=" " ind2=" ">
<subfield code="a">Pérez Sanz, Verónica</subfield>
<subfield code="e">author</subfield>
</datafield>
<datafield tag="260" ind1=" " ind2=" ">
<subfield code="c">2014</subfield>
</datafield>
<datafield tag="520" ind1=" " ind2=" ">
<subfield code="a">La actual situación de crisis ha supuesto cambios importantes&#xd;
sobre todo en nuestra economía, donde las consecuencias más evidentes son&#xd;
el fuerte crecimiento del desempleo, que sumado a los emergentes cambios en&#xd;
los procesos de incorporación de las personas al mercado laboral hace que&#xd;
cobre relevancia la capacidad de iniciativa para poner en marcha fórmulas de&#xd;
autoempleo, es ahí donde el emprendimiento se convierte en una opción&#xd;
profesional y generadora de puestos de trabajo.&#xd;
En El presente trabajo, se analizara el perfil emprendedor, como está&#xd;
cambiando como consecuencia de la crisis socioeconómica, cuales son las&#xd;
principales motivaciones para emprender, así como también cuales son las&#xd;
claves para alcanzar el éxito., teniendo en cuenta la evolución que ha tenido en&#xd;
los últimos años.</subfield>
</datafield>
<datafield tag="024" ind2=" " ind1="8">
<subfield code="a">http://uvadoc.uva.es/handle/10324/7045</subfield>
</datafield>
<datafield ind1=" " ind2=" " tag="653">
<subfield code="a">Trabajo, Mercado de</subfield>
</datafield>
<datafield ind1=" " ind2=" " tag="653">
<subfield code="a">Emprendedores</subfield>
</datafield>
<datafield tag="245" ind1="0" ind2="0">
<subfield code="a">El éxito del emprendedor en tiempos de crisis</subfield>
</datafield>
</record></metadata></record></GetRecord></OAI-PMH>